000 00270nam a22001097a 4500
040 _cSY
082 _a519
100 _aអ៊ុន ប៊ុនលាង
245 _aProbabilty, ប្រូបាប៊ីលីតេ
260 _aRUA
_bអ៊ុន
_c2001
942 _cKB
999 _c9914
_d9914